Music in west Afica (Record no. 16154)
[ view plain ]
| 000 -LEADER | |
|---|---|
| fixed length control field | 00564nam a22001577a 4500 |
| 008 - FIXED-LENGTH DATA ELEMENTS--GENERAL INFORMATION | |
| fixed length control field | 161006b xxu||||| |||| 00| 0 eng d |
| 020 ## - INTERNATIONAL STANDARD BOOK NUMBER | |
| International Standard Book Number | 0195145007 |
| 040 ## - CATALOGING SOURCE | |
| Original cataloging agency | KABU |
| Transcribing agency | KABU |
| 050 ## - LIBRARY OF CONGRESS CALL NUMBER | |
| Classification number | ML350 |
| Item number | .S76 2005 C.1 |
| 100 ## - MAIN ENTRY--PERSONAL NAME | |
| Personal name | Stone, Ruth M. |
| 245 ## - TITLE STATEMENT | |
| Title | Music in west Afica |
| Remainder of title | experiencing music , expressing culture |
| Medium | By Ruth M. Stone |
| 260 ## - PUBLICATION, DISTRIBUTION, ETC. (IMPRINT) | |
| Place of publication, distribution, etc. | New York |
| Name of publisher, distributor, etc. | Oxford university press |
| Date of publication, distribution, etc. | 2005 |
| 300 ## - PHYSICAL DESCRIPTION | |
| Extent | xvi, 112 p. |
| Accompanying material | Accompanied by CD-Rom |
| 650 ## - SUBJECT ADDED ENTRY--TOPICAL TERM | |
| Source of heading or term | Music |
| General subdivision | History and criticism |
| Geographic subdivision | Africa, West |
| 942 ## - ADDED ENTRY ELEMENTS (KOHA) | |
| Source of classification or shelving scheme | Library of Congress Classification |
| Koha item type | General Collection |
| Classification part | ML350 .S76 2005 C.1 |
| Withdrawn status | Lost status | Source of classification or shelving scheme | Not for loan | Home library | Current library | Shelving location | Date acquired | Cost, normal purchase price | Total Checkouts | Full call number | Barcode | Date last seen | Date last checked out | Copy number | Price effective from | Koha item type |
|---|---|---|---|---|---|---|---|---|---|---|---|---|---|---|---|---|
| Library of Congress Classification | Kabarak, Main Campus | Kabarak, Main Campus | General Stacks | 06/10/2016 | 3832.15 | 4 | ML350 .S76 2005 C.1 | 026954 | 21/02/2020 | 06/02/2020 | C.1 | 06/10/2016 | General Collection | |||
| Library of Congress Classification | Kabarak, Main Campus | Kabarak, Main Campus | General Stacks | 06/10/2016 | 3832.15 | 2 | ML350 .S76 2005 C.2 | 026957 | 14/09/2020 | 09/07/2020 | C.2 | 06/10/2016 | General Collection |